01425nam a2200349Ia 4500001001200000003000800012006001900020007001500039008004100054010001700095020001800112020001800130040002100148035002100169050002600190082002100216100002100237245011900258260003800377300001500415490004600430504005100476533015200527650005600679650006300735650005500798650003300853655002900886710001700915856012600932999001701058ebr10562446CaPaEBRm u cr cn|||||||||120213s2012 ne sb 001 0 eng d z 2012003072 z9789004216952 z9789004227002 aCaPaEBRcCaPaEBR a(OCoLC)79432854614aPL721.E24bN34 2012eb04a895.6/0935382231 aNagaike, Kazumi.10aFantasies of cross-dressingh[electronic resource] :bJapanese women write male-male erotica /cby Kazumi Nagaike. aLeiden ;aBoston :bBrill,c2012. aix, 227 p.0 aBrill's Japanese studies library ;vv. 37 aIncludes bibliographical references and index. aElectronic reproduction.bPalo Alto, Calif. :cebrary,d2011.nAvailable via World Wide Web.nAccess may be limited to ebrary affiliated libraries. 0aErotic literature, JapanesexHistory and criticism. 0aJapanese literaturexWomen authorsxHistory and criticism. 0aAuthors and readerszJapanxHistoryy20th century. 0aWomen and literaturezJapan. 7aElectronic books.2local2 aebrary, Inc.40uhttp://site.ebrary.com/lib/rucke/Doc?id=10562446zAn electronic book accessible through the World Wide Web; click to view c94830d94830